000 00652cam a22002413a 4500
001 26831
003 PGUSA
005 20140828083558.0
008 081007s2008||||xxu|||||s|||||000 p eng d
040 _aPGUSA
_beng
042 _adc
050 4 _aPR
245 1 0 _aMarsk Stig :
_ba ballad
_h[electronic resource]
260 _bProject Gutenberg,
_c2008
506 _aPublic domain in the USA.
516 _aElectronic text
653 _aEnglish poetry
700 1 _aBorrow, George,
_d1803-1881
700 1 _aWise, Thomas James,
_d1859-1937
830 0 _aProject Gutenberg
_v26831
856 4 0 _uhttp://www.gutenberg.org/ebooks/26831
942 _cEB
999 _c256086
_d256086